Fyzika : Príklady pre prijímacie pohovory

Guardado en:
Detalles Bibliográficos
Autores principales: Červeňová, Mileva (Autor), Flašíková, Nadežda (Autor), Macková , Vlasta (Autor), Skočková, Eva (Autor)
Formato: Libro
Lenguaje:eslovaco
Publicado: Bratislava : Alfa, 1985
Edición:4. vyd.
Etiquetas: Agregar Etiqueta
Sin Etiquetas, Sea el primero en etiquetar este registro!

MARC

LEADER 00000nam a22000003a 4500
001 stu25713
005 20150617225745.4
008 980522s1985------------------------slo-d
040 |a STU  |b slo 
041 0 |a slo 
100 1 |a Červeňová, Mileva  |4 aut 
245 1 |a Fyzika :  |b Príklady pre prijímacie pohovory 
250 |a 4. vyd. 
260 |a Bratislava :  |b Alfa,  |c 1985 
300 |a 191 s 
700 1 |a Flašíková, Nadežda  |4 aut 
700 1 |a Macková , Vlasta  |4 aut  |u E150  |U FEI Fakulta elektrotechniky a informatiky  |T FEI Katedra fyziky  |U E150  |Y 62 
700 1 |a Skočková, Eva  |4 aut 
996 |b E42704  |c E*42704  |l EE01  |s A  |a 24  |w stu25713_0001 
996 |b 284ES01847  |c E*S-24901  |l EE01  |s A  |a 24  |w stu25713_0003 
996 |b 284ES01850  |c E*S-24902  |l EE01  |s A  |a 24  |w stu25713_0004 
996 |b 284ES01841  |c E*S-24903  |l EE01  |s A  |a 24  |w stu25713_0005 
996 |b 284ES01859  |c E*S-24905  |l EE01  |s A  |a 24  |w stu25713_0007 
996 |b 284ES20117  |c E*S-24908  |l EE01  |s A  |a 24  |w stu25713_0008 
996 |b 284ES01844  |c E*S-24909  |l EE01  |s A  |a 24  |w stu25713_0009 
996 |b 284ES01855  |c E*S-24917  |l EE01  |s A  |a 24  |w stu25713_0016